[Event "EU-ch Online U16"]
[Site "Tornelo INT"]
[Date "2020.09.20"]
[Round "8"]
[White "Rikas, Artur"]
[Black "Vanjare, Aditya"]
[Result "1-0"]
[WhiteElo "1530"]
[BlackElo "1493"]
[PlyCount "117"]
[EventDate "2020.09.18"]
[EventType "swiss (rapid)"]
[EventRounds "9"]
[EventCountry "NET"]
[SourceTitle "EXT 2023"]
[Source "ChessBase"]
[SourceDate "2022.10.05"]
[SourceVersion "1"]
[SourceVersionDate "2022.10.05"]
[SourceQuality "1"]
[WhiteTeam "Estonia"]
[BlackTeam "Kanalinseln"]
[WhiteTeamCountry "EST"]
[BlackTeamCountry "JCI"]

1. e4 e6 2. d4 d5 3. e5 c5 4. c3 Nc6 5. Nf3 cxd4 6. cxd4 Bd7 7. Nc3 Qb6 8. Be2 f6 9. exf6 Nxf6 10. 0-0 Bd6 11. b3 0-0 12. Nb5 Bb8 13. Ba3 Rd8 14. Qd2 Ne4 15. Qe3 a6 16. Nc3 Nxc3 17. Qxc3 Na7 18. Qe3 Bd6 19. Bxd6 Qxd6 20. Ne5 Nc6 21. f4 Rac8 22. a3 Ne7 23. Rf3 Be8 24. g4 Bg6 25. Nxg6 Nxg6 26. Bd3 Rc3 27. Raf1 Rf8 28. f5 exf5 29. gxf5 Ne7 30. f6 gxf6 31. Bxh7+ Kxh7 32. Qxc3 Rg8+ 33. Kh1 Ng6 34. Qd3 Rf8 35. Rf5 Qe6 36. Rg1 Qe4+ 37. Qxe4 dxe4 38. d5 Kg7 39. d6 Rd8 40. Rd5 Kf7 41. Rg4 Ke6 42. Rd4 Kf7 43. Rgxe4 f5 44. Re3 Rd7 45. Kg2 Kf6 46. h4 f4 47. Rc3 Nxh4+ 48. Kh3 Ke5 49. Rdd3 Nf5 50. Kg4 Nd4 51. Rc5+ Ke4 52. Rd1 Rxd6 53. Re1+ Kd3 54. b4 Rf6 55. Rd5 Kc4 56. Rd7 f3 57. Rc1+ Kb3 58. Rxd4 Kxa3 59. Rc3+ 1-0

[Event "EU-ch Online U16"]
[Site "Tornelo INT"]
[Date "2020.09.19"]
[Round "4"]
[White "Dhaenens, Leon"]
[Black "Rikas, Artur"]
[Result "0-1"]
[WhiteElo "1663"]
[BlackElo "1530"]
[PlyCount "86"]
[EventDate "2020.09.18"]
[EventType "swiss (rapid)"]
[EventRounds "9"]
[EventCountry "NET"]
[SourceTitle "EXT 2023"]
[Source "ChessBase"]
[SourceDate "2022.10.05"]
[SourceVersion "1"]
[SourceVersionDate "2022.10.05"]
[SourceQuality "1"]
[WhiteTeam "Belgien"]
[BlackTeam "Estonia"]
[WhiteTeamCountry "BEL"]
[BlackTeamCountry "EST"]

1. c4 c5 2. g3 Nc6 3. Bg2 g6 4. Nc3 Bg7 5. Nf3 d6 6. 0-0 e5 7. Ne1 Nge7 8. Nc2 0-0 9. Ne3 Be6 10. d3 Rb8 11. a3 Qd7 12. Re1 f5 13. Ned5 h6 14. Rb1 b6 15. b4 f4 16. e3 f3 17. Bxf3 Rxf3 18. Qxf3 Rf8 19. Qg2 Bh3 20. Qh1 Qf5 21. Nxe7+ Nxe7 22. Ne4 Bg4 23. f4 g5 24. Nf2 gxf4 25. exf4 exf4 26. Bxf4 Rf7 27. Nxg4 Qxg4 28. Qg2 Nf5 29. Re8+ Kh7 30. h3 Qg6 31. Rbe1 Bf6 32. R8e6 Qg7 33. g4 Nd4 34. Qe4+ Qg6 35. Qxg6+ Kxg6 36. R6e3 Nc2 37. Kf2 Bh4+ 38. Kg2 Nxe1+ 39. Kh2 Rxf4 40. Re6+ Kg7 41. Rxd6 Rf2+ 42. Kg1 Nf3+ 43. Kh1 Rh2# 0-1

[Event "Murmansk ChessMates 4th"]
[Site "Murmansk"]
[Date "2020.03.15"]
[Round "5.1"]
[White "Khripachenko, Alexander"]
[Black "Rikas, Artur"]
[Result "1-0"]
[WhiteElo "1773"]
[BlackElo "1580"]
[PlyCount "45"]
[EventDate "2020.03.13"]
[EventType "team-tourn"]
[EventRounds "5"]
[EventCountry "RUS"]
[SourceTitle "CBM 195 Extra"]
[Source "ChessBase"]
[SourceDate "2020.05.31"]
[SourceVersion "1"]
[SourceVersionDate "2020.05.31"]
[SourceQuality "1"]
[WhiteTeam "Novorossiysk"]
[BlackTeam "Estonia Maletaht"]
[WhiteTeamCountry "RUS"]
[BlackTeamCountry "EST"]

1. e4 c5 2. Nf3 a6 3. c4 Nc6 4. d4 cxd4 5. Nxd4 e5 6. Nc2 Nf6 7. Nc3 h6 8. Be3 d6 9. Be2 Be7 10. 0-0 0-0 11. Qd2 Ne8 12. Rad1 f5 13. exf5 Bxf5 14. Bd3 Qd7 15. Nd5 Rd8 16. Bb6 Rc8 17. Nce3 e4 18. Bb1 Bg5 19. Qe2 Ne5 20. Nxf5 Qxf5 21. Bxe4 Qe6 22. f4 Nxc4 23. Bh7+ 1-0